Quizzes
Events
Quiz Creation
Community
Videos
Private Events
Remove Ads
Sign In
Join for FREE
Feedback
Dark Mode
Quiz Categories
Sports
Geography
Music
Movies
Television
Just For Fun
Miscellaneous
History
Literature
Language
Science
Gaming
Entertainment
Religion
Holiday
For Kids
Quiz Lab
Recent
Popular Today
Quiz Kudos Today
Editor Picks
Curator Picks
Quizzes by...
Day
Popularity
Type
Ratings
Length
Year
Community
Subscriptions
Recent Discussions
Orange Saloon
Badges
Playlists
Quests
Create
Leaderboards
Showdown
Live 5
Trivia Bingo
Activity
Puzzle Library
Sporcle Events
Private Events
Virtual Trivia
Globe League
Become a Host
Pub Owners
SporcleCon
Opinionation
Our Games
Videos
Blog
Mobile Apps
Partnerships
Remove Ads and Go Orange
Feedback
Music
Pop Music
The Beatles
Song
Album
Lyrics
Bands
Singers
Artist
Clip
Rock
Rap
Classical
Billboard
Country Music
Kpop
Taylor Swift
Music
Pop Music
The Beatles
Song
Album
Lyrics
Bands
Singers
Artist
Clip
Rock
Rap
Classical
Billboard
Country Music
Kpop
Taylor Swift
Random Quiz
Search Sporcle
×
Quiz Lab
Quiz Lab
Music
Hot 100
Type in answers that appear in a list
Type in answers that appear in a list
Classic
Best Score? Go Orange.
#1 Hits ('80-'84) by ANY Word Stats
Can you name the #1 Hot 100 Hits that topped the chart during 1980-1984 where any word gives you the title?
By
jmsr525
6m
83 Questions
5,187 Plays
5,187 Plays
5,187 Plays
Comments
Comments
Give Quiz Kudos
Give Quiz Kudos
-
- Ratings
hide this ad
More Info
Replay
Link that replays current quiz
Next Quiz
Link to next quiz in quiz playlist
You Got
0%
They Got
Avg Score
82%
Avg Friend Score
Upgrade to see
Score Distribution
Jump to the score distribution portion of the page
Score
0/83
Timer
06:00
0
Plays Today
Artist
Song
% Correct
Stars On
Medley
99.9%
Eddie Rabbitt
I Love a Rainy Night
99.7%
Joan Jett & The Blackhearts
I Love Rock 'n Roll
99.7%
Stevie Wonder
I Just Called to Say I Love You
99.6%
Daryl Hall & John Oates
I Can't Go For That (No Can Do)
99.6%
Phil Collins
Against All Odds (Take a Look at Me Now)
99.4%
Tina Turner
What's Love Got to Do With It
99.3%
Billy Ocean
Caribbean Queen (No More Love on the Run)
99.3%
Air Supply
The One That You Love
99.2%
The Captain & Tennille
Do That to Me One More Time
99.1%
Yes
Owner of a Lonely Heart
99%
Wham!
Wake Me Up Before You Go-Go
98.7%
Deniece Williams
Let's Hear It for the Boy
98.6%
Pink Floyd
Another Brick in the Wall, Part II
98.6%
Survivor
Eye of the Tiger
98.6%
Madonna
Like a Virgin
98.6%
Billy Joel
It's Still Rock and Roll to Me
98.5%
Christopher Cross
Arthur's Theme (Best That You Could Do)
98.5%
Irene Cara
Flashdance...What a Feeling
98.4%
Bonnie Tyler
Total Eclipse of the Heart
98.3%
The Human League
Don't You Want Me
98.2%
Kenny Rogers with Dolly Parton
Islands in the Stream
97.6%
REO Speedwagon
Keep on Loving You
97%
Patti Austin with James Ingram
Baby, Come to Me
97%
Blondie
The Tide is High
96.9%
Barbra Streisand
Woman in Love
96.7%
The Police
Every Breath You Take
96.3%
Queen
Another One Bites the Dust
96%
Artist
Song
% Correct
Chicago
Hard to Say I'm Sorry
95.8%
Men at Work
Who Can It Be Now
95.6%
Rupert Holmes
Escape (The Pina Colada Song)
95.1%
Dexys Midnight Runners
Come On Eileen
95%
Michael Jackson
Rock With You
94%
Eurythmics
Sweet Dreams (Are Made of This)
93.8%
Queen
Crazy Little Thing Called Love
93.7%
Sheena Easton
Morning Train (Nine to Five)
93.2%
Duran Duran
The Reflex
93.2%
Daryl Hall & John Oates
Kiss on My List
93%
John Waite
Missing You
92.9%
Blondie
Call Me
92.7%
Diana Ross & Lionel Richie
Endless Love
92.6%
Dolly Parton
9 to 5
92.3%
Paul McCartney with Stevie Wonder
Ebony & Ivory
91.9%
Joe Cocker & Jennifer Warnes
Up Where We Belong
91.1%
Rick Springfield
Jessie's Girl
89.4%
John Cougar
Jack & Diane
86.9%
Michael Jackson
Beat It
86.2%
Men at Work
Down Under
84.3%
Billy Joel
Tell Her About It
83.1%
Vangelis
Titles - Chariots of Fire
83%
Van Halen
Jump
81.7%
Paul McCartney & Wings
Coming Up (Live at Glasgow)
81.6%
Toto
Africa
79.7%
Daryl Hall & John Oates
Out of Touch
79.1%
Daryl Hall & John Oates
Maneater
78.9%
Diana Ross
Upside Down
77.6%
Artist
Song
% Correct
Prince & The Revolution
Let's Go Crazy
77.6%
Olivia Newton-
John
Physical
75.1%
Toni Basil
Mickey
75.1%
Kim Carnes
Bette Davis Eyes
73.4%
David Bowie
Let's Dance
72.9%
Culture Club
Karma Chameleon
72.5%
KC & The Sunshine Band
Please Don't Go
70.5%
Ray Parker Jr.
Ghostbusters
70.5%
Michael Jackson
Billie Jean
69.6%
Prince
When Doves Cry
67.2%
Paul McCartney & Michael Jackson
Say Say Say
66.9%
Daryl Hall & John Oates
Private Eyes
66.8%
John Lennon
(Just Like) Starting Over
66.3%
Lionel Richie
All Night Long (All Night)
64.8%
Cyndi Lauper
Time After Time
63.6%
Lionel Richie
Hello
62.2%
The J. Geils Band
Centerfold
62.2%
Lipps, Inc.
Funkytown
60.5%
Kenny Loggins
Footloose
57.3%
Christopher Cross
Sailing
53.8%
Kool & The Gang
Celebration
53.3%
Michael Sembello
Maniac
50%
Kenny Rogers
Lady
43.5%
Blondie
Rapture
43%
The Steve Miller Band
Abracadabra
41.3%
Olivia Newton-
John
Magic
24%
Lionel Richie
Truly
18.4%
Quiz Playlist
Details
Report
Send in Message
Add To Playlist
More Info:
Parentheticals have been included.
Classic:
Type in answers that appear in a list
Last Updated: Aug 11, 2017
Quiz Scoreboard
CHALLENGE
Sign Up to Join the Scoreboard
Show All
Scores
Hide
Comments
May contain spoilers
Recently Published
Movies - When Are They Set?
by FPL_Elf
Movies
5m
Popular People in 1961
by mucciniale
History
6m
1-10 Letter E Words III
by El_Dandy
Language
2m
More to Explore
Quiz From the Vault
Featured Blog Post
Where Did the Easter Bunny Come From?
hide this ad
You Might Also Like...
Tags
1980s
Early
Hot 100
Today's Top Quizzes in Music
Browse Music
hide this ad
Today's Top Quizzes in Hot 100
Browse Hot 100
Top Contributed Quizzes in Music
1
Taylor Swift All Songs (2024)
2
2010s Album by Cover III
3
Guess the Artist- 70s Songs
4
One Thing in Common: Music
5
Taylor Swift Logic Puzzle
6
Guess the Taylor Swift song (Mystery Song)
7
2010s Album by Cover IV
8
2010s Album by Cover V
9
KPOP LOGIC QUIZ
10
Kpop Logic Quiz
Explore More
Trending Topics
Harry Potter
Crossword
Anime
Kpop
Marvel
Disney
NBA
Puzzle
Country
NFL
Soccer
Song
The Office
WWE
Pokémon
hide this ad
More By:
jmsr525
Quiz
Plays
Rating
Category
Featured
Created
Countries by Any 3 Letters
534,751
4.81
Geography
Mar 14, 2012
Most Top Ten Hits in Each Year
103,451
4.66
Music
Mar 2, 2011
'80s Artists With a Top 5 Hit
81,593
4.07
Music
Sep 20, 2011
Most #1 Singles During Each Presidency
75,240
4.55
Music
Oct 26, 2010
Top 10 Artists Each Year (2000s)
73,576
4.51
Music
Sep 17, 2012
Go to Creator's Profile
Score Distribution
Quiz Creator Spotlight
jmsr525
Follow
Send a Message
Quizzes Created
-
Created Quiz Play Count
-
More By This Creator
Popular Quizzes Today
1
Find the Countries of Europe - No Outlines Minefield
2
Find the US States - No Outlines Minefield
3
The Countries of the World
4
Popular People in 1961
5
US States
6
1-10 Letter E Words III
7
Find the US States
8
One Thing in Common: World Cities II
More Music Quizzes
Slideshow - Rock Cover Songs 7
Curator's Pick
Trending Quizzes
Risky Map Clicking: Least Populous States A-Z
1-10 Letter F Words
1-10 Letter G Words
One Thing in Common: United Kingdom
Risky Map Clicking: Next State Alphabetically
Recently Updated
Leaping Animals
pecheneg
Reality TV Shows (A-Z)
bhenderson79
Rickey Henderson's Hall of Fame Teammates
pecheneg
Champions League XIs: Arsenal
pecheneg
Quick Pick: Celebrities in WWE's Hall of Fame
aduchscher
A-Z Keypad Blitz II
pecheneg
Multiple Oscar Actors
pecheneg
Mystery Phrase Blitz: Oscar 'Best Actors'
pecheneg
F. Scott Fitzgerald Novels
LTH
Pick 3 Villains
ddd62291
Trending Topics
Kpop
Crossword
Disney
Marvel
NBA
Harry Potter
Anime
Pokémon
NFL
WWE
Soccer
Country
Puzzle
The Office
Song
Your Account Isn't Verified!
In order to create a playlist on Sporcle, you need to verify the email address you used during registration. Go to your
Sporcle Settings
to finish the process.
Report this User
Report this user for behavior that violates our
Community Guidelines
.
Details:
Send Report
Go to the Sporcle.com Mobile Site →
Comments